| 000 | 00432nam a2200181Ia 4500 | ||
|---|---|---|---|
| 008 | 151202s9999||||xx |||||||||||||| ||und|| | ||
| 082 | _bPNVM-83150 | ||
| 100 | _aDIXON W. FRANKLIN. | ||
| 245 | _aDarkness falls. | ||
| 260 | _bPOCKET BOOKS. | ||
| 260 | _c1994 | ||
| 300 | _a155 | ||
| 600 | _aDIXON W. FRANKLIN. | ||
| 630 | _aDarkness falls. | ||
| 700 | _aDIXON W. FRANKLIN. | ||
| 730 | _aDarkness falls. | ||
| 942 | _cBOOK | ||
| 999 |
_c1347907 _d1347904 |
||